Größte Stadt beginnend mit G in Diesem Land - Statistiken

Allgemein
  • Dieses Quiz wurde 425 mal gespielt
    375 seit der letzten Aktualisierung
  • Das Durchschnittsergebnis liegt bei 10 aus 15
Antwortstatistiken
Land G-Stadt % Korrekt
Schweiz Genf
92%
Österreich Graz
89%
Schweden Göteborg
87%
Guatemala Guatemala-Stadt
87%
Italien Genua
86%
Belgien Gent
80%
Vereinigtes Königreich Glasgow
78%
Ägypten Gizeh
76%
Mexiko Guadalajara
59%
Botswana Gaborone
58%
Frankreich Grenoble
50%
Irland Galway
37%
Ungarn Győr
35%
Ecuador Guayaquil
31%
Kuba Guantanamo
19%
Keine übereinstimmenden Quizze gefunden
Verteilung der Resultate
Anzahl Personen mit jedem Resultat
Perzentil nach korrekt beantworteten Fragen
Ihre Resultats-Entwicklung
Sie haben dieses Quiz seit der letzten Aktualisierung nicht gespielt